000 00476nam a22001937a 4500
003 MPLRDC
005 20220104123543.0
008 210129b ||||| |||| 00| 0 eng d
020 _a957-13-0123-X
082 _a418.2 HJD
100 _a黄金鼎
245 _a不要吃错药
_c
250 _a初版二刷
260 _a
_b时报文化出版企业有限
_c1990
300 _b
490 _a生活丛书. 46
650 _a药力学、药性
942 _cBK
_o418.2 HJD
999 _c12334
_d12324